Charles Burchfield. (Record no. 27291)
[ view plain ]
| 000 -LEADER | |
|---|---|
| fixed length control field | 01225cam a22003011 4500 |
| 001 - CONTROL NUMBER | |
| control field | 10271623 |
| 003 - CONTROL NUMBER IDENTIFIER | |
| control field | OSt |
| 005 - DATE AND TIME OF LATEST TRANSACTION | |
| control field | 20170208091720.0 |
| 008 - FIXED-LENGTH DATA ELEMENTS--GENERAL INFORMATION | |
| fixed length control field | 720817s1956 nyuac bc 000 0beng |
| 010 ## - LIBRARY OF CONGRESS CONTROL NUMBER | |
| LC control number | 56000322 |
| 015 ## - NATIONAL BIBLIOGRAPHY NUMBER | |
| National bibliography number | GB56-9295 |
| 035 ## - SYSTEM CONTROL NUMBER | |
| System control number | (OCoLC)384752 |
| 040 ## - CATALOGING SOURCE | |
| Original cataloging agency | DLC |
| Transcribing agency | OClU |
| Modifying agency | OCoLC |
| -- | TxLT |
| -- | OCoLC |
| -- | Uk |
| -- | DLC |
| 042 ## - AUTHENTICATION CODE | |
| Authentication code | premarc |
| 050 00 - LIBRARY OF CONGRESS CALL NUMBER | |
| Classification number | ND237.B89B3 1956 |
| 082 ## - DEWEY DECIMAL CLASSIFICATION NUMBER | |
| Classification number | 927.5 |
| -- | [759.13] |
| 100 1# - MAIN ENTRY--PERSONAL NAME | |
| Personal name | Baur, John I. H. |
| Fuller form of name | (John Ireland Howe), |
| Dates associated with a name | 1956. |
| 245 00 - TITLE STATEMENT | |
| Title | Charles Burchfield. |
| Statement of responsibility, etc. | [Research by Rosalind Irvine] |
| 260 ## - PUBLICATION, DISTRIBUTION, ETC. (IMPRINT) | |
| Place of publication, distribution, etc. | New York, |
| Name of publisher, distributor, etc. | Published for the Whitney Museum of American Art by Macmillan, |
| Date of publication, distribution, etc. | 1956. |
| 300 ## - PHYSICAL DESCRIPTION | |
| Extent | 86 p. |
| Other physical details | 75 illus. (part col.) port. |
| Dimensions | 27 cm. |
| 500 ## - GENERAL NOTE | |
| General note | "This book grew out of a retrospective exhibition of Charles Burchfield's paintings and drawings, held at the Whitney Museum of American Art in January and February, 1956." |
| 504 ## - BIBLIOGRAPHY, ETC. NOTE | |
| Bibliography, etc | Bibliography: p. [82]-85. |
| 600 10 - SUBJECT ADDED ENTRY--PERSONAL NAME | |
| Personal name | Burchfield, Charles Ephraim, |
| Dates associated with a name | 1893-1967. |
| 710 2# - ADDED ENTRY--CORPORATE NAME | |
| Corporate name or jurisdiction name as entry element | Whitney Museum of American Art. |
| 906 ## - LOCAL DATA ELEMENT F, LDF (RLIN) | |
| a | 7 |
| b | cbc |
| c | oclcrpl |
| d | u |
| e | ncip |
| f | 19 |
| g | y-gencatlg |
| 942 ## - ADDED ENTRY ELEMENTS (KOHA) | |
| Source of classification or shelving scheme | |
| Koha item type | Hard Covered Materials |
| Classification part | ND237.B89B3 1956 |
| Call number prefix | 33960 |
| Withdrawn status | Lost status | Source of classification or shelving scheme | Damaged status | Not for loan | Home library | Current library | Shelving location | Date acquired | Source of acquisition | Total Checkouts | Full call number | Barcode | Date last seen | Price effective from | Koha item type |
|---|---|---|---|---|---|---|---|---|---|---|---|---|---|---|---|
| MACHAKOS UNIVERSITY LIBRARY | MACHAKOS UNIVERSITY LIBRARY | Technical section | 08/02/2017 | Donation(BFA) | ND237.B89B3 1956 | 33960 | 08/02/2017 | 08/02/2017 | Hard Covered Materials |